| 000 | 01209nam a22003377i 4500 | ||
|---|---|---|---|
| 003 | EG-ScBUE | ||
| 005 | 20230116123546.0 | ||
| 008 | 090426s2008 ne a f 001 0 eng d | ||
| 020 | _a9780444530486 | ||
| 040 |
_aEG-ScBUE _beng _erda _cEG-ScBUE _dEG-ScBUE |
||
| 082 | 0 | 4 |
_222 _a747.3 _bMAR |
| 100 | 1 |
_94292 _aMaradudin, Alexei A., _d1931- _eauthor. |
|
| 245 | 1 | 0 |
_aDesigner surfaces/ _cAlexei A. Maradudin, University of California, Irvine, USA, Eugenio R. Mendez, CICESE, Ensenada, B. C., Mexico and Tamara A. Leskova, University of California, Irvine, USA. |
| 250 | _aFirst edition. | ||
| 264 | 1 |
_aAmsterdam ; _aOxford : _bElsevier, _c2008. |
|
| 300 |
_a333 pages : _billustrations ; _c24 cm |
||
| 336 |
_2rdacontent _atext _btxt |
||
| 337 |
_2rdamedia _aunmediated _bn |
||
| 338 |
_2rdacarrier _avolume _bnc |
||
| 500 | _aIncludes index. | ||
| 500 | _aIncludes Appendices. | ||
| 650 | 7 |
_94296 _aFloors. _2BUEsh |
|
| 650 | 7 |
_94295 _aWalls. _2BUEsh |
|
| 650 | 7 |
_94297 _aCeilings. _2BUEsh |
|
| 650 | 7 |
_98 _aInterior decoration. _2BUEsh |
|
| 653 | _bART | ||
| 655 | _vReading book | ||
| 700 | 1 |
_94294 _aLeskova, Tamara A., _eauthor. |
|
| 700 | 1 |
_94293 _aMendez, Eugenio R., _eauthor. |
|
| 942 |
_2ddc _cBB |
||
| 999 |
_c11433 _d11433 |
||